000
00185 a2200097 4500
020
_a
9781455567416
041
_a
eng
100
_a
Michel Connelly
245
_a
The Reversal
942
_c
BK
999
_c
30548
_d
30546